Nājī, (Record no. 45799)
[ view plain ]
| 000 -LEADER | |
|---|---|
| fixed length control field | 00917cam a22002291 4500 |
| 001 - CONTROL NUMBER | |
| control field | ne 63000828 |
| 003 - CONTROL NUMBER IDENTIFIER | |
| control field | DLC |
| 005 - DATE AND TIME OF LATEST TRANSACTION | |
| control field | 20260227111744.0 |
| 008 - FIXED-LENGTH DATA ELEMENTS--GENERAL INFORMATION | |
| fixed length control field | 820216s1960 ua c 000 0bararc |
| 010 ## - LIBRARY OF CONGRESS CONTROL NUMBER | |
| LC control number | ne 63000828 |
| 035 ## - SYSTEM CONTROL NUMBER | |
| System control number | (OCoLC)8157831 |
| 040 ## - CATALOGING SOURCE | |
| Original cataloging agency | Princeton Univ. Libr. |
| Transcribing agency | TU |
| Modifying agency | TU |
| -- | DLC |
| 042 ## - AUTHENTICATION CODE | |
| Authentication code | premarc |
| 050 00 - LIBRARY OF CONGRESS CALL NUMBER | |
| Classification number | PJ7852.A519 |
| Item number | Z7 |
| 100 1# - MAIN ENTRY--PERSONAL NAME | |
| Personal name | Jawdat, Ṣāliḥ, |
| Dates associated with a name | 1912-1976. |
| 245 10 - TITLE STATEMENT | |
| Title | Nājī, |
| Remainder of title | ḥayātuhu wa shiʻruh. |
| Statement of responsibility, etc. | bi-qalam Ṣāliḥ Jawdat. qaddama lahu ʻAbbās Maḥmūd al-ʻAqqād. |
| 260 ## - PUBLICATION, DISTRIBUTION, ETC. | |
| Place of publication, distribution, etc. | [al-Qāhirah, |
| Date of publication, distribution, etc. | 1960] |
| 300 ## - PHYSICAL DESCRIPTION | |
| Extent | 156 p. |
| Other physical details | port. |
| Dimensions | 25 cm. |
| 490 1# - SERIES STATEMENT | |
| Series statement | Maṭbūʻāt al-Majlis al-Aʻlā li-Riʻāyat al-Funūn wa-al-Ādāb wa-al-ʻUlūm al-Ijtimāʻīyah, |
| Volume/sequential designation | 18 |
| 600 10 - SUBJECT ADDED ENTRY--PERSONAL NAME | |
| Personal name | Nājī, Ibrāhīm, |
| Dates associated with a name | 1898-1953. |
| 810 1# - SERIES ADDED ENTRY--CORPORATE NAME | |
| Corporate name or jurisdiction name as entry element | United Arab Republic. |
| Subordinate unit | al-Majlis al-Aʻlā li-Riʻāyat al-Funūn wa-al-Ādāb wa-al-ʻUlūm al-Ijtimāʻīyah. |
| Title of a work | Maṭbūʻāt ; |
| Volume/sequential designation | 18. |
No items available.